Name the Heads of State during WWII - Statistics

General Stats
  • This quiz has been taken 32 times
  • The average score is 9 of 17
Answer Stats
Hint Answer % Correct
Germany Adolf Hitler
96%
Italy Benito Mussolini
96%
US Franklin D. Roosevelt
96%
Soviet Union Joseph Stalin
96%
UK Winston Churchill
96%
US Harry S. Truman
89%
Japan Emperor Hirohito
82%
France Charles de Gaulle
68%
China Chiang Kai-shek
57%
Japan Hideki Tojo
57%
UK Clement Attlee
39%
Australia John Curtin
14%
Australia Robert Menzies
11%
Norway King Haakon VII
4%
Canada William Lyon Mackenzie King
4%
Netherlands Queen Wilhelmina
0%
Poland Władysław Raczkiewicz
0%
No matching quizzes found
Score Distribution
Percent of People with Each Score
Percentile by Number Answered
Your Score History
You have not taken this quiz